[Event "Cesenatico op"]
[Site "Cesenatico"]
[Date "1998.??.??"]
[Round "3"]
[White "Pozzi, Enrico"]
[Black "Bonacci, Mauro"]
[Result "1-0"]
[WhiteElo "2245"]
[BlackElo "2215"]

1.e4 c5 2.Nf3 d6 3.Bb5+ Bd7 4.Bxd7+ Qxd7 5.O-O Nf6 6.Qe2 Nc6 7.c3 e5 8.a4 Be7
9.d3 O-O 10.Nbd2 Ne8 11.Nc4 f5 12.Rd1 f4 13.d4 cxd4 14.cxd4 exd4 15.Nxd4 Nxd4
16.Rxd4 Rc8 17.Bd2 f3 18.gxf3 Qh3 19.f4 Rc5 20.Ra3 Qh4 21.Rg3 Rh5 22.h3 Rf6
23.Qg4 Rg6 24.Qxh4 Rxh4 25.Kg2 Kf7 26.e5 Re6 27.Be3 Rh5 28.Rd1 b6 29.Bd4 g6
30.Rgd3 Rf5 31.Be3 g5 32.exd6 gxf4 33.d7 fxe3 34.Nxe3 Rg6+ 35.Kf1 Rfg5 36.d8=Q Bxd8
37.Rxd8 Rg1+ 38.Ke2 Rxd1 39.Nxd1 Ke7 40.Ra8 a5 41.Ra7+ Kd6 42.Rxh7 Nf6 43.Rh4 Kc5
44.Nc3 Nd7  1-0

[Event "Ceske Budejovice op"]
[Site "Ceske Budejovice"]
[Date "1998.??.??"]
[Round "?"]
[White "Shurygin, Sergey"]
[Black "Solodovnichenko, Yuri"]
[Result "1/2-1/2"]
[WhiteElo "2305"]
[BlackElo "2415"]

1.e4 c5 2.Nf3 d6 3.Bb5+ Nd7 4.d4 Nf6 5.Nc3 cxd4 6.Qxd4 e5 7.Qd3 Be7 8.Bg5 O-O
9.Bxd7 Bxd7 10.Bxf6 Bxf6 11.Qxd6 Be6 12.Qxd8 Rfxd8 13.Rd1 Rdc8 14.O-O b5
15.Rd2 b4 16.Nd5 Rc4 17.Re1 Rac8 18.b3 Rxc2 19.Rxc2 Rxc2 20.Nxb4 Rb2 21.Ra1 Re2
22.Re1 Rb2 23.Ra1 Re2 24.Re1  1/2-1/2

[Event "CZE-chT2V 9899"]
[Site "CZE"]
[Date "1998.??.??"]
[Round "?"]
[White "Zikmund, Daniel"]
[Black "Jedlicka, Ales"]
[Result "1/2-1/2"]
[WhiteElo "2105"]
[BlackElo "2155"]

1.e4 c5 2.Nf3 d6 3.Bb5+ Bd7 4.Bxd7+ Qxd7 5.d4 Nf6 6.Nc3 g6 7.O-O cxd4 8.Nxd4 Bg7
9.Re1 Nc6 10.Nf3 O-O 11.Bg5  1/2-1/2

[Event "CZE-chT2 9899"]
[Site "CZE"]
[Date "1998.??.??"]
[Round "?"]
[White "Kucera, Petr"]
[Black "Drbohlav, Frantisek"]
[Result "1-0"]
[WhiteElo "2365"]
[BlackElo "2265"]

1.e4 c5 2.Nf3 d6 3.Bb5+ Bd7 4.Bxd7+ Qxd7 5.O-O Nc6 6.c4 Nf6 7.Nc3 g6 8.d4 cxd4
9.Nxd4 Bg7 10.Nc2 O-O 11.b3 a6 12.Qe2 Rab8 13.a4 Qc7 14.Rb1 e6 15.Rd1 Rfe8
16.Bf4 Ne5 17.Qd2 Red8 18.Bg5 Rd7 19.h3 Nc6 20.Bf4 Rbd8 21.Qe3 Na5 22.g4 Rc8
23.Rd3 Ne8 24.Bg3 Qc6 25.f3 b6 26.Bf2 Rb8 27.g5 Nc7 28.Nd4 Qb7 29.f4 Nc6
30.Nde2 Nb4 31.Rd2 Ne8 32.Rbd1 Qc6 33.f5 exf5 34.exf5 Be5 35.Nd4 Qb7 36.Nf3 Bg7
37.f6 Bf8 38.Bg3 Nc7 39.Bxd6 Bxd6 40.Rxd6 Rxd6 41.Rxd6 Ne6 42.Ne5 Nc5 43.Qd2 Qc7
44.Nd5 Nxd5 45.Qxd5 Nxb3 46.Rd7 Qc5+ 47.Qxc5 Nxc5 48.Rxf7 Rb7 49.Re7 Kf8
50.Rxb7 Nxb7 51.Nd7+ Kf7 52.Nxb6 Nc5 53.Kg2 h6 54.gxh6 Kxf6 55.Kf3 Kf7 56.Kf4 Kg8
57.Ke5 Kh7 58.Kd5 Nd3 59.c5 Kxh6 60.c6 Nb4+ 61.Kd6 Nxc6 62.Kxc6 Kh5 63.Nd5 g5
64.Nf6+  1-0

[Event "CZE-chT2 9899"]
[Site "CZE"]
[Date "1998.??.??"]
[Round "?"]
[White "Kucera, Petr"]
[Black "Tobyas, Miroslav"]
[Result "1-0"]
[WhiteElo "2365"]
[BlackElo "2310"]

1.e4 c5 2.Nf3 d6 3.Bb5+ Nd7 4.O-O a6 5.Bxd7+ Bxd7 6.h3 Nf6 7.Re1 g6 8.b3 Bg7
9.Bb2 O-O 10.d3 e5 11.c3 Re8 12.Nbd2 d5 13.c4 d4 14.Nf1 Nh5 15.Bc1 b5 16.Ng3 Nf4
17.Bxf4 exf4 18.Nf1 g5 19.N3d2 Qf6 20.Qh5 g4 21.hxg4 Re5 22.Qh3 h5 23.g5 Qe7
24.Qh4 Qxg5 25.Qxg5 Rxg5 26.Nf3 Rg6 27.N1d2 Bf6 28.Kh2 Kh7 29.cxb5 axb5 30.Rac1 Rc8
31.Rc2 Be6 32.Rec1 Be7 33.Rg1 Bd6 34.a4 bxa4 35.bxa4 Ra8 36.Nc4 Be7 37.Nfe5 Rg7
38.a5 f6 39.Nc6 Bf8 40.Nb6 Ra6 41.Rgc1 Bd6 42.Rxc5 f3+ 43.g3 h4 44.Nxd4 hxg3+
45.fxg3 Bxg3+ 46.Kh1 Bg4 47.Nf5 Bf4 48.Nxg7 Bxc1 49.Rxc1 Kxg7 50.Rg1 f5 51.exf5 Kf6
52.Rxg4 Rxa5 53.Kg1 Ra3 54.Rd4 Kxf5 55.Kf2  1-0

[Event "CZE-chT2 9899"]
[Site "CZE"]
[Date "1998.??.??"]
[Round "?"]
[White "Zahorbensky, Jaroslav"]
[Black "Jedlicka, Ales"]
[Result "1-0"]
[WhiteElo "2160"]
[BlackElo "2155"]

1.e4 c5 2.Nf3 d6 3.Bb5+ Bd7 4.Bxd7+ Nxd7 5.O-O Ngf6 6.Re1 e6 7.c3 Be7 8.d4 O-O
9.Bg5 h6 10.Bh4 cxd4 11.cxd4 d5 12.e5 Ne4 13.Bxe7 Qxe7 14.Nbd2 Nxd2 15.Qxd2 Nb6
16.b3 Rfc8 17.Rac1 Qa3 18.g4 Nd7 19.Rc2 Rc6 20.Rec1 Rac8 21.Ne1 Nb8 22.Kg2 Rxc2
23.Rxc2 Nc6 24.g5 hxg5 25.Qxg5 Qb4 26.Nf3 Qe7 27.Qh5 f6 28.Nh4 g5 29.Nf3 Qh7
30.Qxh7+ Kxh7 31.exf6 Kg6 32.f7 Rf8 33.Re2 Kf6 34.Kg3 Rxf7 35.Kg4 Rg7 36.a3 Ne7
37.Rc2 Nc6 38.Re2 Rc7 39.Rd2 Rg7 40.Re2 Rc7 41.Rd2 Na5 42.Nxg5 Nxb3 43.Rd3 Na5
44.Rf3+ Kg6 45.Nxe6 Rc6 46.Nf4+ Kg7 47.h4 Nc4 48.h5 Ra6 49.Kg5 Nd2 50.Re3 Ne4+
51.Kh4 Ra4 52.f3 Nd6 53.Re7+ Kf8 54.Ng6+ Kg8 55.Kg5 Rxa3 56.Ne5 Ra1 57.h6 Rg1+
58.Kf6 Rh1 59.Rg7+ Kf8 60.Ng6+ Ke8 61.Ke6  1-0

[Event "CZE-chT2 9899"]
[Site "CZE"]
[Date "1998.??.??"]
[Round "?"]
[White "Paulovic, Martin"]
[Black "Simsa, Otakar"]
[Result "0-1"]
[WhiteElo "2205"]
[BlackElo "2130"]

1.e4 c5 2.Nf3 d6 3.Bb5+ Bd7 4.Bxd7+ Qxd7 5.O-O Nf6 6.Re1 Nc6 7.d4 cxd4 8.Nxd4 e6
9.c4 Be7 10.b3 O-O 11.Bb2 a6 12.Nd2 b5 13.Nxc6 Qxc6 14.Rc1 Qb7 15.Qe2 Rfc8
16.h3 Nd7 17.Qg4 Bf6 18.Bxf6 Nxf6 19.Qf4 Qb6 20.e5 dxe5 21.Qxe5 Nd7 22.Qg5 h6
23.Qg3 Rc6 24.Re3 Rac8 25.Rec3 Qc7 26.Qxc7 R8xc7 27.Ne4 bxc4 28.Rxc4 Rxc4
29.Rxc4 Rxc4 30.bxc4 Kf8 31.Kf1 Ke7 32.Ke2 f5 33.Nd2 Nc5 34.Ke3 e5 35.f4 e4
36.g4 g6 37.gxf5 gxf5 38.Nf1 Ke6 39.Kd4 Nd3 40.Ke3 Nb4 41.a4 Nd3 42.Nd2 Nb2
43.a5 Kd6 44.Kd4 Nd3 45.Nxe4+ fxe4 46.Kxe4 Nf2+ 47.Kd4 Nxh3  0-1

[Event "Moravia-chT 9899"]
[Site "CZE"]
[Date "1998.??.??"]
[Round "3"]
[White "Fuksik, Jakub"]
[Black "Sobek, Jaroslav"]
[Result "0-1"]
[WhiteElo "2255"]
[BlackElo "2315"]

1.e4 c5 2.Nf3 d6 3.Bb5+ Bd7 4.Bxd7+ Nxd7 5.c4 Ngf6 6.Nc3 e6 7.O-O Be7 8.d4 cxd4
9.Nxd4 O-O 10.Qe2 a6 11.f4 Qc7 12.Bd2 Rac8 13.b3 b5 14.f5 e5 15.Nc2 bxc4
16.Ne3 Nb6 17.Rfc1 Qc5 18.Kh1 Qd4 19.Nc2 Qd3 20.Qxd3 cxd3 21.Nb4 d5 22.Nxd3 d4
23.Nb1 Nbd7 24.Bg5 Nxe4 25.Bxe7 Nf2+ 26.Kg1 Nxd3 27.Rd1 Rfe8 28.Ba3 Nf4 29.Nd2 Rc2
30.g3 Ne2+ 31.Kf1 Nc3 32.Rac1 Rxa2  0-1

[Event "Moravia-chT 9899"]
[Site "CZE"]
[Date "1998.??.??"]
[Round "3"]
[White "Antoshik, Alois"]
[Black "Decka, Eliska"]
[Result "1-0"]
[WhiteElo "2190"]
[BlackElo "1980"]

1.e4 c5 2.Nf3 d6 3.Bb5+ Bd7 4.Bxd7+ Qxd7 5.O-O Nc6 6.c3 d5 7.exd5 Qxd5 8.d4 e6
9.Be3 Rd8 10.Qa4 Bd6 11.c4 Qh5 12.dxc5 Bxc5 13.Qb5  1-0

[Event "CZE-chT 9899"]
[Site "CZE"]
[Date "1998.??.??"]
[Round "4"]
[White "Velicka, Petr"]
[Black "Stocek, Jiri"]
[Result "1/2-1/2"]
[WhiteElo "2470"]
[BlackElo "2465"]

1.e4 c5 2.Nf3 d6 3.Bb5+ Nd7 4.d4 Nf6 5.O-O Nxe4 6.Re1 Nf6 7.dxc5 dxc5 8.Bg5 a6
9.Bxd7+ Bxd7 10.Ne5 h6 11.Bxf6 gxf6 12.Nxd7 Qxd7 13.Qf3 Qc6 14.Qxc6+ bxc6
15.Rd1 Rb8 16.b3 f5 17.Nd2 Bg7 18.Rab1 Rd8 19.Nc4 f4 20.Kf1 h5 21.Na5 Rd6
22.Nb7 Rd5 23.Rxd5 cxd5 24.Nxc5 Rh6 25.Rd1 d4 26.b4 h4 27.Rd3 Rb6 28.a3 f5
29.Rh3 Bf6 30.Ke2 e5 31.g3 fxg3 32.hxg3 a5 33.gxh4 axb4 34.Rb3 Bxh4 35.axb4 Rb5
36.f4 Be7  1/2-1/2

[Event "Moravia-chT 9899"]
[Site "CZE"]
[Date "1998.??.??"]
[Round "4"]
[White "Fuksik, Jakub"]
[Black "Jurka, Miroslav"]
[Result "1-0"]
[WhiteElo "2270"]
[BlackElo "2345"]

1.e4 c5 2.Nf3 d6 3.Bb5+ Nd7 4.O-O Nf6 5.Re1 a6 6.Bf1 b6 7.c4 Ne5 8.Nxe5 dxe5
9.Nc3 e6 10.d3 Qc7 11.a4 Bd7 12.f4 Bd6 13.Qf3 O-O 14.g3 Rab8 15.Bh3 b5 16.axb5 axb5
17.f5 b4 18.Nd1 exf5 19.Bxf5 Bxf5 20.Qxf5 Ra8 21.Rb1 Qd7 22.Qf3 Ne8 23.Ne3 Nc7
24.Rf1 f6 25.Nf5 Ne6 26.Qg4 Ra7 27.Be3 Kh8 28.Kh1 Rd8 29.Ra1 Rxa1 30.Rxa1 Bf8
31.Rd1 Qa4 32.Rd2 Qa1+ 33.Kg2 Qb1 34.Nh6 Nf4+ 35.gxf4 gxh6 36.fxe5 Be7 37.exf6 Bxf6
38.Qf5 Bxb2 39.e5 Rg8+ 40.Kh3 Qe1 41.Qf6+ Rg7 42.Bxh6  1-0

[Event "Moravia-chT 9798"]
[Site "CZE"]
[Date "1998.??.??"]
[Round "6.1"]
[White "Oral, Tomas"]
[Black "Veselovsky, Sergey"]
[Result "1-0"]
[WhiteElo "2455"]
[BlackElo "2435"]

1.e4 c5 2.Nf3 d6 3.Bb5+ Bd7 4.Bxd7+ Qxd7 5.c4 Nc6 6.Nc3 Nf6 7.O-O g6 8.d4 cxd4
9.Nxd4 Bg7 10.Nde2 O-O 11.f3 a6 12.a4 Qc7 13.Kh1 e6 14.Bg5 Rfe8 15.Rb1 Nb4
16.Rc1 Nd7 17.b3 Nc5 18.Rb1 Rac8 19.Qd2 Ncd3 20.Na2  1-0

[Event "Moravia-chT 9798"]
[Site "CZE"]
[Date "1998.??.??"]
[Round "9.4"]
[White "Fuksik, Jakub"]
[Black "Sobek, Jaroslav"]
[Result "0-1"]
[WhiteElo "2270"]
[BlackElo "2245"]

1.e4 c5 2.Nf3 d6 3.Bb5+ Bd7 4.Bxd7+ Nxd7 5.c4 Ngf6 6.Nc3 e5 7.d3 Be7 8.O-O O-O
9.a3 a5 10.Rb1 Rb8 11.Ne1 Re8 12.Nc2 Nf8 13.b4 Ne6 14.Bd2 axb4 15.axb4 Qd7
16.Nb5 Ra8 17.Ra1 b6 18.Bc3 Nd4 19.Ncxd4 cxd4 20.Bd2 Rxa1 21.Qxa1 d5 22.exd5 Nxd5
23.Rb1 Bf6 24.Qa6 Nc3 25.Bxc3 dxc3 26.Nxc3 Qxd3 27.Qb5 Rd8 28.c5 Qxc3 29.Qxb6 Qd4
30.Rf1 e4 31.b5 e3 32.fxe3 Qxe3+ 33.Kh1 h5 34.Qc7 Rd5 35.b6 Qxc5 36.Rb1 Qd4
37.h3 Be5 38.Qc8+ Kh7 39.Qf5+ Kh6 40.Qxf7 Qd1+ 41.Qf1 Qxf1+ 42.Rxf1 Rb5 43.g4 hxg4
44.hxg4 Kg5  0-1

[Event "CZE-chT2 9798"]
[Site "CZE"]
[Date "1998.??.??"]
[Round "9.1"]
[White "Nun, Jiri"]
[Black "Jirovsky, Pavel"]
[Result "1-0"]
[WhiteElo "2375"]
[BlackElo "2395"]

1.e4 c5 2.Nf3 d6 3.Bb5+ Bd7 4.Bxd7+ Qxd7 5.c4 Nc6 6.O-O Nf6 7.Nc3 g6 8.d4 cxd4
9.Nxd4 Bg7 10.Nde2 O-O 11.f3 Rab8 12.Be3 Rfc8 13.Rc1 Qd8 14.b3 Nd7 15.Qd2 a6
16.Nd5 Qf8 17.Rc2 h6 18.h4 e6 19.Ndf4 Rd8 20.Rd1 Nde5 21.Bb6 Rd7 22.Qe3 Qe7
23.g3 Rf8 24.Kg2 f5 25.exf5 Rxf5 26.Ng1 g5 27.hxg5 hxg5 28.Nfe2 g4 29.f4 Nf7
30.Nc3 Bxc3 31.Qxc3 e5 32.Ne2 exf4 33.gxf4 Qe4+ 34.Kg1 Qe6 35.Qg3 Rh5 36.Qg2 Rh3
37.Rc3 Rxc3 38.Nxc3 Nh6 39.Ne4 Ne7 40.Bd4 Rd8 41.Ng5 Qf5 42.Re1 Nc6 43.Ba1 Qc5+
44.Kh1 Qf5 45.Qd5+ Qxd5+ 46.cxd5 Nb4 47.Re6 Nf7 48.Rg6+ Kf8 49.Bg7+ Ke8 50.Re6+ Kd7
51.Nxf7 Rc8 52.Bf6 Rc1+ 53.Kh2 Nxd5 54.Rxd6+ Ke8 55.Rxd5 Kxf7 56.Be5 Ke6
57.Ra5 Rd1 58.Bb8 b5 59.Rxa6+ Kf5 60.Rd6 Rc1 61.Rd2  1-0

[Event "CZE-chT2 9798"]
[Site "CZE"]
[Date "1998.??.??"]
[Round "10.5"]
[White "Boukal, Petr"]
[Black "Kulhanek, Tomas"]
[Result "0-1"]
[WhiteElo "2265"]
[BlackElo "2195"]

1.e4 c5 2.Nf3 d6 3.Bb5+ Bd7 4.Bxd7+ Qxd7 5.O-O Nf6 6.Re1 Nc6 7.c3 e6 8.d4 cxd4
9.cxd4 d5 10.e5 Ne4 11.Nbd2 Nxd2 12.Bxd2 Rc8 13.Qa4 Nxe5 14.Qxa7 Nxf3+ 15.gxf3 Bd6
16.Rac1 O-O 17.Rxc8 Rxc8 18.Rc1 Re8 19.f4 Qb5 20.b3 h5 21.Be3 Kh7 22.h3 Rf8
23.Rc3 f5 24.Kh2 Qf1 25.Qxb7 Rf6 26.Kg3 h4+  0-1

[Event "POL-ch sf"]
[Site "Czestochowa"]
[Date "1998.??.??"]
[Round "1"]
[White "Pedzich, Dominik"]
[Black "Jakubowski, Krzysztof"]
[Result "0-1"]
[WhiteElo "2435"]
[BlackElo "2235"]

1.e4 c5 2.Nf3 d6 3.Bb5+ Nd7 4.c3 a6 5.Ba4 Nf6 6.Bc2 e5 7.O-O Be7 8.a4 O-O
9.d4 exd4 10.cxd4 cxd4 11.Nxd4 d5 12.exd5 Nb6 13.Nc3 Nbxd5 14.Bg5 Nb4 15.Nf5 Bxf5
16.Bxf5 h6 17.Be3 Qa5 18.Qf3 Rfe8 19.Rad1 Nc6 20.Bb1 Qb4 21.Bc1 Rad8 22.Rxd8 Rxd8
23.Re1 Nd4 24.Qg3 Bd6 25.Qh3 Bf8 26.Rf1 Nb3 27.Be3 Nd2 28.Bxd2 Rxd2 29.Qf3 Rxb2
30.Qd3 Rb3 31.Rc1 Qa3 32.Qc2 Rb2 33.Qd1 g6 34.Qd4 Rxf2 35.Kxf2 Bc5 36.Qxc5 Qxc5+
37.Ke1 Qe3+ 38.Ne2 Ng4 39.Rc7 Qf2+ 40.Kd2 Qe3+ 41.Ke1 Qb6 42.Rc8+ Kg7 43.Be4 Qf2+
44.Kd1 Ne3+ 45.Kd2 Nf1+ 46.Kd1 Qe3 47.Ke1 Qxe4 48.Kxf1 Qf5+  0-1

[Event "POL-ch sf"]
[Site "Czestochowa"]
[Date "1998.??.??"]
[Round "5"]
[White "Pedzich, Dominik"]
[Black "Michalski, Olaf"]
[Result "1/2-1/2"]
[WhiteElo "2435"]
[BlackElo "2305"]

1.e4 c5 2.Nf3 d6 3.Bb5+ Nc6 4.O-O Bd7 5.c3 a6 6.Bxc6 Bxc6 7.Re1 Nf6 8.d4 Bxe4
9.Bg5 d5 10.Nbd2 Bg6 11.dxc5 e6 12.Qa4+ Qd7 13.Qd4 Be7 14.b4 O-O 15.Nc4 dxc4
16.Qxd7 Nxd7 17.Bxe7 Rfe8 18.Bd6 f6 19.Re3 e5 20.Bc7 Rac8 21.Ba5 Bd3 22.Rae1  1/2-1/2

[Event "POL-ch sf"]
[Site "Czestochowa"]
[Date "1998.??.??"]
[Round "7"]
[White "Kosiorek, Marek"]
[Black "Jaracz, Pawel"]
[Result "1/2-1/2"]
[WhiteElo "2360"]
[BlackElo "2465"]

1.e4 c5 2.Nf3 d6 3.Bb5+ Bd7 4.Bxd7+ Nxd7 5.O-O Ngf6 6.Re1 e6 7.b3 Be7 8.Bb2 O-O
9.c4 e5 10.Nc3 Ne8 11.d3 Nc7 12.Bc1 h6 13.a3 Bg5 14.Be3 Ne6 15.b4 g6  1/2-1/2

[Event "POL-ch sf"]
[Site "Czestochowa"]
[Date "1998.??.??"]
[Round "9"]
[White "Pedzich, Dominik"]
[Black "Ehrenfeucht, Wojciech"]
[Result "0-1"]
[WhiteElo "2435"]
[BlackElo "2335"]

1.e4 c5 2.Nf3 d6 3.Bb5+ Bd7 4.Bxd7+ Qxd7 5.O-O Nc6 6.c3 Nf6 7.Qe2 e6 8.d4 cxd4
9.cxd4 d5 10.e5 Ne4 11.Be3 Be7 12.Ne1 f6 13.f3 Ng5 14.Nd3 Nf7 15.f4 f5 16.Nc3 O-O
17.h3 b6 18.Kh2 Kh8 19.g4 g6 20.Rac1 Nh6 21.Rc2 Rac8 22.Kg3 Nb4 23.Nxb4 Bxb4
24.Rfc1 Bxc3 25.Rxc3 Rxc3 26.Rxc3 Rc8 27.Bd2 Rxc3+ 28.Bxc3 Qa4 29.b3 Qc6
30.Bb4 a5 31.Be7 Qc1 32.a4 Kg8 33.Kh4 fxg4 34.hxg4 Qxf4 35.Kh3 Qxd4 36.Bg5 Nf7
37.Bf6 Qc3+ 38.Kg2 Qxb3 39.Qa6 Qc2+ 40.Kh3 Qc3+ 41.Kg2 Nxe5 42.g5 Qc2+ 43.Kh1 Qe4+
44.Kg1 Nf3+ 45.Kf2 Nxg5 46.Qc8+ Kf7  0-1

[Event "Decin op-A"]
[Site "Decin"]
[Date "1998.??.??"]
[Round "8"]
[White "Khamatgaleev, Alexej"]
[Black "Solodovnichenko, Yuri"]
[Result "1-0"]
[WhiteElo "2395"]
[BlackElo "2415"]

1.e4 c5 2.Nf3 d6 3.Bb5+ Nd7 4.d4 Nf6 5.e5 cxd4 6.Qxd4 dxe5 7.Nxe5 g6 8.Nc3 Bg7
9.Bg5 O-O 10.O-O-O Qa5 11.Nc4 Qc7 12.Rhe1 a6 13.Bxd7 Nxd7 14.Nd5 Qxh2 15.Nxe7+ Kh8
16.Qe3 Qc7 17.Rh1 h5 18.Qf3  1-0

[Event "Mester Aktiv Alliancen"]
[Site "Denmark"]
[Date "1998.??.??"]
[Round "5"]
[White "Nilsson, Nils Specht"]
[Black "Petersen, Steen"]
[Result "0-1"]
[WhiteElo "2160"]
[BlackElo "2130"]

1.e4 c5 2.Nf3 d6 3.Bb5+ Bd7 4.Bxd7+ Qxd7 5.O-O Nc6 6.d4 cxd4 7.Nxd4 Nf6 8.Re1 g6
9.c4 Bg7 10.Nc3 Ng4 11.Nde2 O-O 12.h3 Nf6 13.Bf4 Rac8 14.b3 a6 15.Rc1 b5
16.Nd5 Nxd5 17.Qxd5 Ne5 18.Red1 Rfd8 19.Bxe5 Bxe5 20.c5 Qc7 21.f4 Bb2 22.Rb1 dxc5
23.Qg5 Bd4+ 24.Kf1 f6 25.Qh6 Qc6 26.Ng3 Qd6 27.Rd3 c4 28.f5 cxd3 29.fxg6 hxg6
30.Qxg6+ Kf8 31.Qh6+ Ke8 32.Nf5 Qe5 33.Qg6+ Kd7 34.Nxd4 Qxd4 35.Qf5+ e6  0-1

[Event "Dieren op"]
[Site "Dieren"]
[Date "1998.??.??"]
[Round "1"]
[White "Etmans, Maarten D"]
[Black "Peng, Zhaoqin"]
[Result "0-1"]
[WhiteElo "2145"]
[BlackElo "2420"]

1.e4 c5 2.Nf3 d6 3.Bb5+ Bd7 4.Bxd7+ Nxd7 5.O-O Ngf6 6.Qe2 e6 7.c3 Be7 8.d4 O-O
9.e5 Ne8 10.dxc5 Nxc5 11.Rd1 Qc8 12.c4 dxe5 13.Nxe5 f6 14.Nf3 e5 15.Nc3 Rf7
16.Nd5 Bf8 17.b4 Ne6 18.Be3 N8c7 19.Rac1 e4 20.Nd4 Nxd4 21.Bxd4 f5 22.Nxc7 Qxc7
23.c5 Re8 24.Qc4 f4 25.b5 f3 26.c6 Ba3 27.Rc3 Bd6 28.g3 b6 29.Re3 Qc8 30.Rde1 Qh3
31.Rxf3 exf3 32.Rxe8+ Bf8 33.Qf1 Qg4 34.Be5 Qe4 35.c7 Rxc7 36.Rxf8+ Kxf8
37.Bxc7 Qc2 38.Bd6+ Kf7 39.a3 Ke6 40.Bb4 Kd5 41.Qe1 Kc4 42.Qe6+ Kxb5 43.Qd5+ Ka4
44.Qxf3 a5 45.Bf8 b5 46.Bxg7 Qc1+ 47.Kg2 Qxa3 48.Qe4+ b4 49.Qxh7 b3 50.Qe4+ Qb4
51.Qe5 Qb7+ 52.f3 Qc8 53.h4 Kb4 54.Bf6 Qc2+ 55.Kh3 a4 56.Qd6+ Kb5 57.g4 Qe2
58.Kg3 Qe1+ 59.Kf4 Qc1+ 60.Kf5 Qc8+ 61.Kg6 Qe8+ 62.Kg7 Qe3 63.f4 Qa7+ 64.Be7 b2
65.Qb4+ Kc6 66.Qd6+ Kb5 67.Qd3+ Kc6 68.Kf6 Qb6 69.Qb1 Kd7+ 70.Ke5 Kxe7 71.f5 Qe3+
72.Kd5 Qf3+ 73.Ke5 a3 74.g5 Qe3+ 75.Kd5 Qb3+ 76.Kc5 Qc3+ 77.Kb5 Qb3+ 78.Kc5 a2
79.Qe4+ Kd8 80.Qa8+ Kc7 81.Qc6+ Kb8 82.Qd6+ Ka7 83.Qd7+ Qb7 84.Qa4+ Kb8 85.Qxa2 b1=Q
86.Qxb1 Qxb1  0-1

[Event "Dieren op"]
[Site "Dieren"]
[Date "1998.??.??"]
[Round "2"]
[White "Van Baarle, C John"]
[Black "Bosboom, Manuel"]
[Result "0-1"]
[WhiteElo "2295"]
[BlackElo "2450"]

1.e4 c5 2.Nf3 d6 3.Bb5+ Bd7 4.Bxd7+ Qxd7 5.c4 Nc6 6.d4 cxd4 7.Nxd4 Nf6 8.Nc3 e6
9.O-O Be7 10.b3 O-O 11.Be3 a6 12.a4 Rfc8 13.f3 Qd8 14.Qd2 Nd7 15.Rab1 Na5
16.Qe2 Qc7 17.f4 Bf6 18.Qg4 Re8 19.Qh3 Nc6 20.Nde2 Nb4 21.Rfd1 Nc5 22.Bf2 Rad8
23.Qe3 h6 24.e5 Be7 25.exd6 Rxd6 26.Rxd6 Bxd6 27.Rd1 Rc8 28.Ne4 Nxe4 29.Qxe4 Bc5
30.h3 Bxf2+ 31.Kxf2 Nc6 32.Rd3 Re8 33.Nd4 Nb4 34.Rd2 Rd8 35.Kf1 Nc6 36.Nf3 Rxd2
37.Nxd2 Qd6 38.Qe3 Ne7 39.Ke1 Nf5 40.Qe4 Qb6 41.Qf3 a5 42.g4 Nd4 43.Qd3 f5
44.Kf1 Qd6 45.Qe3 Nc2 46.Qf2 Qd3+ 47.Kg2 Ne3+ 48.Kg1 fxg4 49.hxg4 Nxg4 50.Qe1 Kf7
51.Ne4 b6  0-1

[Event "Sparkasse op"]
[Site "Dortmund"]
[Date "1998.??.??"]
[Round "?"]
[White "Siebrecht, Sebastian"]
[Black "Bischoff, Klaus"]
[Result "0-1"]
[WhiteElo "2365"]
[BlackElo "2545"]

1.e4 c5 2.Nf3 d6 3.Bb5+ Nd7 4.O-O Nf6 5.Re1 a6 6.Bf1 b6 7.b3 Bb7 8.d3 g6
9.Bb2 Bg7 10.Nbd2 O-O 11.c3 e5 12.d4 exd4 13.cxd4 cxd4 14.Nxd4 Re8 15.Qf3 Nc5
16.Bd3 Ng4 17.Bc2 Qh4 18.Nf1 f5 19.Nxf5 gxf5 20.Bxg7 Kxg7 21.Ng3 Qxh2+ 22.Kf1 Ne5
23.Qf4 Kh8 24.Qg5 Ned7 25.Ke2 Rg8 26.Qe7 Rae8 27.Qxd6 Qxg2 28.Rh1 Rxg3  0-1

[Event "Dresden zt (Women)"]
[Site "Dresden"]
[Date "1998.??.??"]
[Round "3"]
[White "Klinova, Masha"]
[Black "Koglin, Anke"]
[Result "1-0"]
[WhiteElo "2355"]
[BlackElo "2205"]

1.e4 c5 2.Nf3 d6 3.Bb5+ Bd7 4.Bxd7+ Qxd7 5.c4 Nc6 6.Nc3 g6 7.d4 cxd4 8.Nxd4 Bg7
9.Be3 Nf6 10.f3 O-O 11.Qd2 a6 12.Rc1 Rac8 13.b3 b5 14.cxb5 Nxd4 15.Bxd4 axb5
16.O-O Qb7 17.Qd3 b4 18.Na4 Nd7 19.Bxg7 Kxg7 20.Qd4+ Kg8 21.h3 Rxc1 22.Rxc1 Rc8
23.Rxc8+ Qxc8 24.Qxb4 Qc1+ 25.Kf2 Ne5 26.Qc3 Qb1 27.Qd2 h5 28.Nc3 Qa1 29.f4 Nd7
30.b4 Nf6 31.Ke2 Qg1 32.Kd3 e5 33.fxe5 dxe5 34.Kc4 Qb6 35.b5 Qe6+ 36.Kb4 Qe7+
37.Kb3 Qe6+ 38.Kc2 Qc4 39.b6 Kg7 40.Qd3 Qc6 41.Qb5 Qb7 42.Qb4 Nd7 43.Nd5 Qa6
44.Kb3 Qd3+ 45.Nc3 Qa6 46.b7 Qxb7 47.Qxb7 Nc5+ 48.Kb4 Nxb7 49.a4 f5 50.a5 Nxa5
51.Kxa5 Kf6 52.Kb4 fxe4 53.Kc4 Kf5 54.Ne2 h4 55.Kc3 g5 56.Kd2 e3+ 57.Kxe3 g4
58.Nc3 gxh3 59.gxh3  1-0

[Event "Dresden zt"]
[Site "Dresden"]
[Date "1998.??.??"]
[Round "7"]
[White "Mohr, Georg"]
[Black "Sutovskij, Emil"]
[Result "1/2-1/2"]
[WhiteElo "2455"]
[BlackElo "2595"]

1.e4 c5 2.Nf3 d6 3.Bb5+ Bd7 4.Bxd7+ Qxd7 5.c4 Nf6 6.Nc3 Nc6 7.O-O g6 8.d4 cxd4
9.Nxd4 Bg7 10.Nc2 O-O 11.Re1 a6 12.Bd2 Ne5 13.Qe2 Rfc8 14.Na3 Qc6 15.Rac1 e6
16.b3 Qc5 17.Nab1 Nfd7 18.Red1 Qc7 19.Be3 Nc5 20.f4 Nc6 21.Rd2 Rd8 22.Rcd1 Qa5
23.Rxd6 Rxd6 24.Rxd6 Nxb3 25.axb3 Bxc3 26.Nxc3 Qxc3 27.Rd3 Qa5 28.h3 Rd8
29.Kh2 Rxd3 30.Qxd3 Qe1 31.Bc5 Qh4 32.Qd6 Qd8 33.Qxd8+ Nxd8 34.Bd4 Nc6 35.Bc3 Kf8
36.Kg3 Ke7 37.Kf3 Kd6 38.Ke3 Kc5 39.Kd3 Nb4+ 40.Kd2 a5 41.Bb2 Na2 42.Kc2 h5
43.g4 f5 44.exf5 exf5 45.gxh5 gxh5 46.Bf6 Nb4+ 47.Kc3 Nc6 48.Bh4 Kd6 49.Bf2 Nd8
50.b4 axb4+ 51.Kxb4 Kc6 52.Be3 Ne6 53.Kc3 Nc7 54.Kb4 Ne8 55.Kc3 Nc7 56.Kb4 b6
57.Kc3 b5 58.cxb5+ Nxb5+ 59.Kc4 Na3+ 60.Kb3 Nb5 61.Kc4 Nd6+ 62.Kd4 Nf7 63.Bc1 Kd6
64.Ba3+ Ke6 65.Bb4 Nh8 66.Bd2 Ng6 67.Kc5 Nh4 68.Be3 Nf3 69.Kc6 Nh2 70.Kc5 Nf1
71.Bc1 Ng3 72.Be3 Ne4+ 73.Kc6 Nf6 74.Kc5 Nd7+ 75.Kc6 Nf8 76.Kc5 Ng6 77.Bd2 Ne7
78.Bc3 Nd5 79.Bd2 Nf6 80.Be3 Ne8 81.Kc6 Nd6 82.Kc5 Ne4+ 83.Kc6 Ng3 84.Kc5 Nf1
85.Bc1 Nh2 86.Be3 Nf3 87.Kc6 Ne1 88.Kc5 Ng2 89.Bd2 Nh4 90.Be3 Ng6 91.Bd2  1/2-1/2

[Event "BUL-ch"]
[Site "Dupnica"]
[Date "1998.??.??"]
[Round "2"]
[White "Todorov, Todor"]
[Black "Stavrev, Nikolai"]
[Result "1-0"]
[WhiteElo "2405"]
[BlackElo "2310"]

1.e4 c5 2.Nf3 d6 3.Bb5+ Bd7 4.Bxd7+ Qxd7 5.c4 Nf6 6.Nc3 Nc6 7.O-O g6 8.d3 Bg7
9.Rb1 O-O 10.a3 Ne8 11.Be3 Nc7 12.d4 cxd4 13.Nxd4 Rfc8 14.b3 Nxd4 15.Bxd4 Bxd4
16.Qxd4 b5 17.f4 bxc4 18.bxc4 Ne6 19.Qd5 Qc6 20.f5 Nd8 21.Qd2 Qc5+ 22.Kh1 Qe5
23.f6 exf6 24.Nd5 Kg7 25.Nxf6 Rxc4 26.Ng4 Qh5 27.Qb2+ Kf8 28.Qh8+ Ke7 29.Nf6  1-0

[Event "Centrocoop June op-A"]
[Site "Eforie Nord "]
[Date "1998.??.??"]
[Round "?"]
[White "Botezatu, Gheorghe"]
[Black "Partac, Elena"]
[Result "1-0"]
[WhiteElo "2160"]
[BlackElo "2100"]

1.e4 c5 2.Nf3 d6 3.Bb5+ Bd7 4.Bxd7+ Qxd7 5.c4 e6 6.O-O Be7 7.Nc3 Nc6 8.d4 cxd4
9.Nxd4 Nf6 10.b3 O-O 11.Bb2 Rfd8 12.Re1 Rac8 13.Qd2 b6 14.Rad1 Qb7 15.Kh1 Bf8
16.f4 Nxd4 17.Qxd4 a6 18.e5 Ng4 19.Ba3 Be7 20.Bxd6 f6 21.Ne4 f5 22.Ng5 Qd7
23.h3 Nh6 24.Qxb6 Rc6 25.Qe3 Nf7 26.Bxe7 Qxe7 27.Nxf7 Kxf7 28.Rxd8 Qxd8 29.Re2 h6
30.Rd2 Qe7 31.Qd4 g5 32.fxg5 hxg5 33.Qd7 Qxd7 34.Rxd7+ Kg6 35.Rd6 Rxd6 36.exd6  1-0

[Event "Centrocoop June op-A"]
[Site "Eforie Nord "]
[Date "1998.??.??"]
[Round "?"]
[White "Botezatu, Gheorghe"]
[Black "Belov, Vladimir"]
[Result "1/2-1/2"]
[WhiteElo "2160"]
[BlackElo "2280"]

1.e4 c5 2.Nf3 d6 3.Bb5+ Bd7 4.Bxd7+ Qxd7 5.c4 Nc6 6.O-O g6 7.d4 cxd4 8.Nxd4 Nf6
9.Nc3 Bg7 10.Nde2 O-O 11.f3 a6 12.a4 Rfc8 13.Be3 Qd8 14.Rb1 Nd7 15.Qd2 Qa5
16.Rfd1 h5 17.b3 h4 18.Qe1 h3 19.gxh3 Nce5 20.Kg2 Rab8 21.Nd5 Qxe1 22.Rxe1 Kf8
23.a5 Nc6 24.Nb6 Nxb6 25.Bxb6 Bf6 26.Rbc1 Kg7 27.Red1 Rh8 28.f4 Rh4 29.Rd3 Rh5
30.c5 dxc5 31.e5 Bh4 32.Rxc5 Be1 33.Nc3 Rh4 34.Rc4 Rbh8 35.Re4 Bxc3 36.Rxc3 g5
37.Rg3 Kf8 38.Rxg5 Rxh3 39.Bg1 Rxb3 40.e6 f6 41.Rg6 Nxa5 42.f5 Nc6 43.Rc4 Ke8
44.Rg7 Kd8 45.Bc5 Rb2+ 46.Kg3 Rbxh2 47.Bb6+ Kc8 48.Rcg4 R2h3+ 49.Kg2  1/2-1/2

[Event "Centrocoop June op-A"]
[Site "Eforie Nord "]
[Date "1998.??.??"]
[Round "?"]
[White "Botezatu, Gheorghe"]
[Black "Pozin, Sergey"]
[Result "0-1"]
[WhiteElo "2160"]
[BlackElo "2390"]

1.e4 c5 2.Nf3 d6 3.Bb5+ Nd7 4.O-O Nf6 5.Re1 a6 6.Bxd7+ Nxd7 7.c4 g6 8.Nc3 Bg7
9.d4 O-O 10.b3 b5 11.cxb5 axb5 12.Nxb5 Qa5 13.Na3 Ba6 14.Bb2 Rfc8 15.Nc2 Nb6
16.Re3 Qb5 17.Rb1 Bh6 18.Re1 Bb7 19.a4 Qe8 20.dxc5 dxc5 21.Qd3 f6 22.Na3 Qc6
23.Qc3 Rd8 24.Nc4 Ba6 25.Nxb6 Qxb6 26.Bc1 Rd3 27.Qc2 Bxc1 28.Rexc1 Rb8 29.h3 Kf7
30.Qxc5 Rd1+ 31.Kh2  0-1